Fundamentals of urban design (Record no. 63386)

MARC details
000 -LEADER
fixed length control field 00730nam a2200145 a 4500
008 - FIXED-LENGTH DATA ELEMENTS--GENERAL INFORMATION
fixed length control field 120416s1984 xx |||||||||||||| || u
050 ## - LIBRARY OF CONGRESS CALL NUMBER
Classification number NA 9031 Hed
100 ## - MAIN ENTRY--PERSONAL NAME
Personal name Hedman, Richard
245 10 - TITLE STATEMENT
Title Fundamentals of urban design
260 ## - PUBLICATION, DISTRIBUTION, ETC.
Date of publication, distribution, etc. 1984
350 ## -
-- 0.00
995 ## -
-- ANNEX COLLECTION (Main Library)
-- 0.00
-- 725595
-- CBU-MAIN LIBRARY (Kitwe)
-- 3
-- 0.00
-- NA 9031 Hed
-- AVAILABLE
-- 010630
-- Annex Low-Usage Collection
995 ## -
-- MAIN LIBRARY OPEN ACCESS
-- 0.00
-- 725594
-- CBU-MAIN LIBRARY (Kitwe)
-- 2
-- 0.00
-- NA 9031 Hed
-- AVAILABLE
-- 010633
-- Main Library Open Access Collection
995 ## -
-- ANNEX COLLECTION (Main Library)
-- 0.00
-- 725593
-- CBU-MAIN LIBRARY (Kitwe)
-- 1
-- 0.00
-- NA 9031 Hed
-- AVAILABLE
-- 010631
-- Annex Low-Usage Collection
999 ## -
-- 63386
-- 63386
Holdings
Withdrawn status Lost status Source of classification or shelving scheme Damaged status Not for loan Permanent Location Current Location Shelving location Date acquired Total Checkouts Full call number Barcode Date last seen Price effective from Koha item type
          CBU-MAIN LIBRARY, KITWE. CBU-MAIN LIBRARY, KITWE.   12/24/2022   NA 9031 Hed 010630 12/24/2022 12/24/2022 MONOGRAPH
          CBU-MAIN LIBRARY, KITWE. CBU-MAIN LIBRARY, KITWE.   12/24/2022   NA 9031 Hed 010633 12/24/2022 12/24/2022 MONOGRAPH
          CBU-MAIN LIBRARY, KITWE. CBU-MAIN LIBRARY, KITWE.   12/24/2022   NA 9031 Hed 010631 12/24/2022 12/24/2022 MONOGRAPH